<?xml version="1.0" encoding="UTF-8"?>
<record
    xmlns:xsi="http://www.w3.org/2001/XMLSchema-instance"
    xsi:schemaLocation="http://www.loc.gov/MARC21/slim http://www.loc.gov/standards/marcxml/schema/MARC21slim.xsd"
    xmlns="http://www.loc.gov/MARC21/slim">

  <leader>01114nam a2200241 a 4500</leader>
  <controlfield tag="001">000046374</controlfield>
  <controlfield tag="005">20201002052826.0</controlfield>
  <controlfield tag="008">150806s1999    dr a          000 0 spa d</controlfield>
  <datafield tag="040" ind1=" " ind2=" ">
    <subfield code="a">DO-SdBNP</subfield>
    <subfield code="b">spa</subfield>
    <subfield code="c">BNPHU</subfield>
  </datafield>
  <datafield tag="082" ind1=" " ind2=" ">
    <subfield code="a">xxxx</subfield>
    <subfield code="b">F418i</subfield>
  </datafield>
  <datafield tag="111" ind1="2" ind2=" ">
    <subfield code="a">Festival internacional de Cine</subfield>
    <subfield code="n">(1er.:</subfield>
    <subfield code="d">1999 jul. 8-18 :</subfield>
    <subfield code="c">Santo Domingo)</subfield>
    <subfield code="9">74404</subfield>
  </datafield>
  <datafield tag="245" ind1="1" ind2="0">
    <subfield code="a">1er. Festival internacional de cine de Santo Domingo. /</subfield>
    <subfield code="c">textos Arturo Rodr&#xED;guez Fern&#xE1;ndez, Lidia Bastos ; traducci&#xF3;n S&#xF3;crates Mc Kinney...[et.al].</subfield>
  </datafield>
  <datafield tag="246" ind1="1" ind2="0">
    <subfield code="a">Primer Festival internacional de cine de Santo Domingo.</subfield>
  </datafield>
  <datafield tag="260" ind1=" " ind2=" ">
    <subfield code="a">Santo Domingo; :</subfield>
    <subfield code="b">Festival Internacional de Cine de Santo Domingo,</subfield>
    <subfield code="c">1999.</subfield>
  </datafield>
  <datafield tag="300" ind1=" " ind2=" ">
    <subfield code="a">77 p. :</subfield>
    <subfield code="b">il. ;</subfield>
    <subfield code="c">22 cm.</subfield>
  </datafield>
  <datafield tag="590" ind1=" " ind2=" ">
    <subfield code="a">Perteneci&#xF3; a la biblioteca personal de Chiqui Vicioso/Fidelio Despradel</subfield>
  </datafield>
  <datafield tag="500" ind1=" " ind2=" ">
    <subfield code="a">A presentarse en el Palacio del Cine y Cine Lumi&#xE9;re.</subfield>
  </datafield>
  <datafield tag="700" ind1="1" ind2="2">
    <subfield code="a">Rodr&#xED;guez Fern&#xE1;ndez, Arturo</subfield>
    <subfield code="e">textos</subfield>
    <subfield code="9">37878</subfield>
  </datafield>
  <datafield tag="700" ind1="1" ind2="2">
    <subfield code="a">Bastos, Lidia</subfield>
    <subfield code="e">textos</subfield>
    <subfield code="9">74280</subfield>
  </datafield>
  <datafield tag="700" ind1="1" ind2="2">
    <subfield code="a">Mc Kinney, S&#xF3;crates</subfield>
    <subfield code="e">il.</subfield>
    <subfield code="9">74405</subfield>
  </datafield>
  <datafield tag="700" ind1="1" ind2="2">
    <subfield code="a">Rodr&#xED;guez Fern&#xE1;ndez, Arturo</subfield>
    <subfield code="e">il.</subfield>
    <subfield code="9">37878</subfield>
  </datafield>
  <datafield tag="700" ind1="1" ind2="2">
    <subfield code="a">El&#xED;as, Carlos Francisco</subfield>
    <subfield code="e">il.</subfield>
    <subfield code="9">57656</subfield>
  </datafield>
  <datafield tag="952" ind1=" " ind2=" ">
    <subfield code="0">0</subfield>
    <subfield code="1">0</subfield>
    <subfield code="7">1</subfield>
    <subfield code="8">PD</subfield>
    <subfield code="a">PD</subfield>
    <subfield code="b">PD</subfield>
    <subfield code="c">HD</subfield>
    <subfield code="d">2015-08-06</subfield>
    <subfield code="i">LF1</subfield>
    <subfield code="l">0</subfield>
    <subfield code="o">xxxx F418i</subfield>
    <subfield code="p">46374-10</subfield>
    <subfield code="r">2020-06-25</subfield>
    <subfield code="w">2020-06-25</subfield>
    <subfield code="y">LFPD</subfield>
    <subfield code="z">Perteneci&#xF3; a la biblioteca personal de Chiqui Vicioso / Fidelio Despradel.</subfield>
    <subfield code="Z">No se presta</subfield>
  </datafield>
  <datafield tag="999" ind1=" " ind2=" ">
    <subfield code="c">45863</subfield>
    <subfield code="d">45863</subfield>
  </datafield>
</record>
